| 000 | 00749nam a2200253 a 4500 | ||
|---|---|---|---|
| 001 | 00004357 | ||
| 008 | 110328s1995 a g 000 0 eng d | ||
| 020 |
_a0201455617 : _cTk.260.00 |
||
| 040 |
_aBD-DhIUB _cBD-DhIUB |
||
| 082 | 0 | 4 |
_a005.369 _219 |
| 100 | 1 | _aCline, Marshall P. | |
| 245 | 0 | 0 |
_aC++ FAQs : _bfrequently asked questions / _cMarshall P. Cline, Greg A. Lomow |
| 250 | _a1st ed. | ||
| 260 |
_aReading, Mass. : _bAddison-Wesley, _c1995. |
||
| 300 |
_axxvii, 461 p. : _bill. ; _c23 cm. |
||
| 520 | 0 | _aComputer Science | |
| 556 | _a1998-12-01 | ||
| 650 | 1 | 7 |
_aProgramming languages _2Spines |
| 653 | 0 | 0 | _aC Programming language |
| 653 | 0 | 0 | _aFAQ |
| 700 | 1 | _aLomow, Greg A. | |
| 999 |
_c12618 _d12618 |
||
| 526 | _bswe | ||